Online
Catalog

Historia crítica del pensamiento español / (Record no. 15618)

MARC details
000 -CABECERA
campo de control de longitud fija 01142cam a2200241 a 4500
001 - NÚMERO DE CONTROL
campo de control 000016077
005 - FECHA Y HORA DE LA ÚLTIMA TRANSACCIÓN
campo de control 20200929164250.0
008 - DATOS DE LONGITUD FIJA--INFORMACIÓN GENERAL
campo de control de longitud fija 800912m19881991sp a 001 0 spa d
020 ## - NÚMERO INTERNACIONAL ESTÁNDAR DEL LIBRO
Número Internacional Estándar del Libro 8423964078
040 ## - FUENTE DE LA CATALOGACIÓN
Centro catalogador/agencia de origen DO-SdBNP
Centro/agencia transcriptor DLC
Centro/agencia modificador DLC
082 ## - NÚMERO DE LA CLASIFICACIÓN DECIMAL DEWEY
Número de clasificación 196.1
Número de documento/Ítem A141h, 1988
049 ## - FONDOS LOCALES (OCLC)
Fondos de biblioteca BNGR
100 1# - ENTRADA PRINCIPAL--NOMBRE DE PERSONA
Nombre de persona Abellán, José Luis,
Fechas asociadas al nombre 1933-
9 (RLIN) 36055
245 10 - MENCIÓN DE TÍTULO
Título Historia crítica del pensamiento español /
Mención de responsabilidad, etc. José Luis Abellán.
250 ## - MENCIÓN DE EDICIÓN
Mención de edición 2a ed.
260 ## - PUBLICACIÓN, DISTRIBUCIÓN, ETC.
Lugar de publicación, distribución, etc. Madrid :
Nombre del editor, distribuidor, etc. Espasa-Calpe,
Fecha de publicación, distribución, etc. 1988-1991.
300 ## - DESCRIPCIÓN FÍSICA
Extensión v. :
Otras características físicas il. ;
Dimensiones 23 cm.
505 0# - NOTA DE CONTENIDO CON FORMATO
Información miscelánea v. 1.
Título Metodología e introducción histórica --
Información miscelánea v. 2.
Título La Edad de Oro --
Información miscelánea v. 3.
Título Del barroco a la ilustración (Siglos XVII y XVIII) --
Información miscelánea v. 4.
Título Liberalismo y romanticismo (1808-1874) --
Información miscelánea v. 5. T.1
Título La crisis contemporánea: (1875-1936) --
-- v.5. T.2
Información miscelánea La crisis contemporánea. II: fin de siglo, modernismo generación del 98 (1898-1913) --
Título v.5. T.3
Información miscelánea La crisis contemporánea. III: de la gran guerra a la guerra civil española (1914-1939).
650 #4 - PUNTO DE ACCESO ADICIONAL DE MATERIA--TÉRMINO DE MATERIA
Término de materia o nombre geográfico como elemento de entrada Filosofía
Subdivisión geográfica España
Subdivisión general Historia
9 (RLIN) 36056
651 #4 - PUNTO DE ACCESO ADICIONAL DE MATERIA--NOMBRE GEOGRÁFICO
Nombre geográfico España
Subdivisión general Vida Intelectual
9 (RLIN) 22363
910 ## - DATOS DE OPCIÓN DEL USUARIO (OCLC)
Datos de opción del usuario Catalogación derivada
910 ## - DATOS DE OPCIÓN DEL USUARIO (OCLC)
Datos de opción del usuario WM
Holdings
Estado de retiro Estado de pérdida Restricciones de uso No para préstamo Código de colección Localización permanente Ubicación/localización actual Ubicación en estantería Fecha de adquisición Número de inventario Total de préstamos Signatura topográfica completa Código de barras Fecha visto por última vez Precio válido a partir de Tipo de ítem Koha
        Monografías: Libros y Folletos General General Orden iniciada 13.02.2014 LF1   196.1 A141h, 1988 16077-80 25.06.2020 25.06.2020 No se presta
        Monografías: Libros y Folletos General General Depósito 24.02.2010 LF1   196.1 A141h, 1988 | v.1 16077-10 25.06.2020 25.06.2020 Préstamo en sala
        Monografías: Libros y Folletos General General Depósito 24.02.2010 LF1   196.1 A141h, 1988 | v. 2 16077-20 25.06.2020 25.06.2020 Préstamo en sala
        Monografías: Libros y Folletos General General Depósito 24.02.2010 LF1   196.1 A141h, 1988 | v. 3 16077-30 25.06.2020 25.06.2020 Préstamo en sala
        Monografías: Libros y Folletos General General Depósito 24.02.2010 LF1   196.1 A141h, 1988 | v. 4 16077-40 25.06.2020 25.06.2020 Préstamo en sala
        Monografías: Libros y Folletos General General Depósito 24.02.2010 LF1   196.1 A141h, 1988 | v. 5, t. 1 16077-50 25.06.2020 25.06.2020 Préstamo en sala
        Monografías: Libros y Folletos General General Depósito 24.02.2010 LF1   196.1 A141h, 1988 | v .,5, t. 2 16077-60 25.06.2020 25.06.2020 Préstamo en sala
        Monografías: Libros y Folletos General General Depósito 24.02.2010 LF1   196.1 A141h, 1988 | v. 5, t. 3 16077-70 25.06.2020 25.06.2020 Préstamo en sala

Powered by Koha